LEADER 01078cam0-2200337---450 001 990005776330403321 005 20240410125633.0 035 $a000577633 035 $aFED01000577633 035 $a(Aleph)000577633FED01 035 $a000577633 100 $a19990604d1978----km-y0itay50------ba 101 0 $aita 102 $aIT 105 $ay-------001yy 200 1 $aDocumenti e testimonianze$ei grandi problemi della storia medievale e moderna nei testi originali e nelle interpretazioni critiche$fFranco Gaeta, Pasquale Villani 210 $aMilano$cPrincipato$d1978 215 $a2 v.$d22 cm 610 0 $aStoria 676 $a909 700 1$aGaeta,$bFranco$f<1926-1984>$0160253 701 1$aVillani,$bPasquale$f<1924- >$032070 801 0$aIT$bUNINA$gRICA$2UNIMARC 901 $aBK 912 $a990005776330403321 952 $a907 GAEF 02 (1)$bBIBL. 51974$fFLFBC 952 $a907 GAEF 02 (2)$bBibl. 10894$fFLFBC 952 $aDEP. 907 GAEF 02 (2) bis$bBibl. 10894$fFLFBC 959 $aFLFBC 996 $aDocumenti e testimonianze$9491843 997 $aUNINA